Closest Countries to New Zealand (A-Z) - Statistics

General Stats
  • This quiz has been taken 18 times
  • The average score is 21 of 24
Answer Stats
Letter Answer % Correct
A Australia
100%
F Fiji
100%
N Nauru
100%
Q Qatar
100%
V Vanuatu
100%
Z Zambia
100%
I Indonesia
94%
J Japan
94%
M Marshall Islands
94%
O Oman
94%
T Tonga
94%
Y Yemen
94%
E East Timor
89%
S Solomon Islands
89%
H Honduras
83%
K Kiribati
83%
L Laos
83%
P Papua New Guinea
83%
R Russia
83%
B Brunei
78%
C Cambodia
78%
U United States
78%
D Dominican Republic
72%
G Guatemala
67%
No matching quizzes found
Score Distribution
Percent of People with Each Score
Percentile by Number Answered
Your Score History
You have not taken this quiz